|
|
|
|
| LEADER |
00000naa2a2200000 4500 |
| 001 |
605495 |
| 005 |
20260302134410.0 |
| 035 |
|
|
|a (RuTPU)RU\TPU\conf\2797
|
| 035 |
|
|
|a RU\TPU\conf\2796
|
| 090 |
|
|
|a 605495
|
| 100 |
|
|
|a 20140416d2013 k y0rusy50 ca
|
| 101 |
0 |
|
|a rus
|
| 102 |
|
|
|a RU
|
| 135 |
|
|
|a drnn ---uucaa
|
| 181 |
|
0 |
|a i
|
| 182 |
|
0 |
|a b
|
| 200 |
1 |
|
|a Балластировка магистральных газопроводов в условиях Крайнего Севера
|f Э. Н. Михайлова, Донг Ван Хоанг
|g науч. рук. В. Г. Крец
|
| 203 |
|
|
|a Текст
|c электронный
|
| 225 |
1 |
|
|a Техническое направление
|
| 300 |
|
|
|a Заглавие с титульного экрана
|
| 320 |
|
|
|a [Библиогр.: с. 261 (4 назв.)]
|
| 337 |
|
|
|a Adobe Reader
|
| 461 |
|
1 |
|0 (RuTPU)RU\TPU\conf\71
|t Научная инициатива иностранных студентов и аспирантов российских вузов
|o сборник докладов VI Всероссийской научно-практической конференции, Томск, 24-26 апреля 2013 г.
|f Ассоциация иностранных студентов в России (АИС); Национальный исследовательский Томский политехнический университет (ТПУ), Институт международного образования и языковой коммуникации (ИМОЯК)
|o в 2 т.
|d 2013
|
| 463 |
|
1 |
|0 (RuTPU)RU\TPU\conf\72
|t Т. 1
|v [С. 259-261]
|d 2013
|
| 610 |
1 |
|
|a труды учёных ТПУ
|
| 610 |
1 |
|
|a электронный ресурс
|
| 610 |
1 |
|
|a балластировка
|
| 610 |
1 |
|
|a магистральные газопроводы
|
| 610 |
1 |
|
|a Крайний Север
|
| 700 |
|
1 |
|a Михайлова
|b Э. Н.
|
| 701 |
|
0 |
|a Донг Ван Хоанг
|
| 702 |
|
1 |
|a Крец
|b В. Г.
|c специалист в области нефтегазового дела
|c доцент Томского политехнического университета, кандидат технических наук
|f 1942-
|g Виктор Георгиевич
|4 727
|
| 712 |
0 |
2 |
|a Национальный исследовательский Томский политехнический университет (ТПУ)
|b Институт природных ресурсов (ИПР)
|b Кафедра транспорта и хранения нефти и газа (ТХНГ)
|3 (RuTPU)RU\TPU\col\18661
|
| 801 |
|
2 |
|a RU
|b 63413507
|c 20230320
|g RCR
|
| 856 |
4 |
|
|u http://www.lib.tpu.ru/fulltext/c/2013/C19/V1/044.pdf
|
| 942 |
|
|
|c CF
|